000 00449nam a22001697a 4500
003 OSt
005 20210929153739.0
008 210929b |||||||| |||| 00| 0 eng d
020 _a0-471-36550-5
040 _cHawassa university
050 _a581/HAI
_b1
082 _a581/HAI
_b1
100 _aHaynes james d.
_98284
245 _aAn introductory survey of the plant kingdom
260 _aThe united states of america
_c1975
942 _2ddc
_cBOOKS
_n0
999 _c7686
_d7686